[Event "AUT2o-chT"]
[Site "Ybbs"]
[Date "2001.01.20"]
[Round "6.1"]
[White "Gross, Stefan"]
[Black "Vavrak, Peter"]
[Result "1/2-1/2"]
[WhiteElo "2357"]
[BlackElo "2361"]
[Annotator "EICHGRABEN/P.-LACKENBACH"]
[PlyCount "54"]
[EventDate "2001.01.20"]

1. c4 Nf6 2. Nc3 c5 3. g3 Nc6 4. Bg2 e6 5. Nf3 Be7 6. d4 cxd4 7. Nxd4 Nxd4 8.
Qxd4 O-O 9. O-O a6 10. Rd1 d6 11. Be3 Rb8 12. Qb6 Bd7 13. b3 Qxb6 14. Bxb6 Rfc8
15. Rd3 Bc6 16. Rad1 Bxg2 17. Kxg2 Rc6 18. Ba7 Rbc8 19. Bd4 Ne8 20. e4 Bf6 21.
Bxf6 gxf6 22. Nb1 Rc5 23. R1d2 f5 24. exf5 Rxf5 25. Nc3 b5 26. Ne4 bxc4 27.
bxc4 Rxc4 1/2-1/2

[Event "AUT2o-chT"]
[Site "Ybbs"]
[Date "2001.01.20"]
[Round "6.2"]
[White "Schweda, Roland"]
[Black "Neumeier, Klaus"]
[Result "0-1"]
[WhiteElo "2362"]
[BlackElo "2306"]
[Annotator "EICHGRABEN/P.-LACKENBACH"]
[PlyCount "122"]
[EventDate "2001.01.20"]

1. d4 Nf6 2. c4 g6 3. Nc3 Bg7 4. e4 d6 5. Be2 O-O 6. Nf3 e5 7. d5 a5 8. Bg5 h6
9. Bh4 Na6 10. Nd2 Qe8 11. a3 Bd7 12. b3 Nh7 13. f3 h5 14. Rb1 Bf6 15. Bf2 h4
16. b4 axb4 17. axb4 Qe7 18. c5 dxc5 19. b5 Nb4 20. Nc4 b6 21. d6 Qd8 22. dxc7
Qxc7 23. Nxb6 Qxb6 24. Qxd7 Rfd8 25. Qg4 Nd3+ 26. Bxd3 Rxd3 27. Nd5 Qa5+ 28.
Kf1 Qa2 29. Re1 Rd2 30. Be3 Qc4+ 31. Kg1 Rb2 32. b6 Raa2 33. h3 Bg5 34. Bxg5
Rxg2+ 35. Qxg2 Rxg2+ 36. Kxg2 Qc2+ 37. Kf1 Nxg5 38. Re3 Ne6 39. Rg1 Nf4 40.
Nxf4 exf4 41. Re2 Qb1+ 42. Kg2 Qxb6 43. Rc2 Qb5 44. Rgc1 c4 45. Kh2 Qc5 46. Kh1
Qe3 47. Kg2 Qc5 48. Kh1 Kg7 49. Rxc4 Qf2 50. R4c3 Qg3 51. R1c2 Qxh3+ 52. Kg1
Qg3+ 53. Kh1 h3 54. e5 g5 55. e6 fxe6 56. Rc7+ Kf6 57. R7c3 Kg6 58. Re2 Kh5 59.
Rd3 e5 60. Ra3 e4 61. Rb2 e3 0-1

[Event "AUT2o-chT"]
[Site "Ybbs"]
[Date "2001.01.20"]
[Round "6.3"]
[White "Hechl, Gerald"]
[Black "Stranz, Richard"]
[Result "0-1"]
[WhiteElo "2216"]
[BlackElo "2254"]
[Annotator "EICHGRABEN/P.-LACKENBACH"]
[PlyCount "82"]
[EventDate "2001.01.20"]

1. d4 Nf6 2. Nf3 c5 3. d5 e6 4. c4 b5 5. Bg5 Qa5+ 6. Nc3 Ne4 7. Bd2 Nxd2 8.
Nxd2 b4 9. Nce4 Bb7 10. Nb3 Qb6 11. e3 f5 12. Ng3 g6 13. e4 Bg7 14. exf5 exf5
15. Bd3 O-O 16. Qe2 a5 17. Rb1 a4 18. Nd2 b3 19. a3 Qd8 20. O-O Re8 21. Qd1 d6
22. Re1 Nd7 23. Rxe8+ Qxe8 24. Nf3 h6 25. Ne2 Ne5 26. Nf4 Bc8 27. h4 Bd7 28. h5
g5 29. Nxe5 Qxe5 30. Ng6 Qf6 31. Qd2 Re8 32. Re1 Qxb2 33. Rxe8+ Bxe8 34. Qa5
Bd4 35. Qe1 Bxg6 36. hxg6 Qa1 37. Bb1 Be5 38. g3 Kg7 39. f4 Qd4+ 40. Kh1 gxf4
41. Bxf5 fxg3 0-1

[Event "AUT2o-chT"]
[Site "Ybbs"]
[Date "2001.01.20"]
[Round "6.4"]
[White "Krpelan, Wolfgang"]
[Black "Wandl, Werner"]
[Result "1-0"]
[WhiteElo "2169"]
[BlackElo "2162"]
[Annotator "EICHGRABEN/P.-LACKENBACH"]
[PlyCount "81"]
[EventDate "2001.01.20"]

1. d4 Nf6 2. Nf3 d5 3. Bf4 Bf5 4. c4 c6 5. Nc3 Qb6 6. Na4 Qa5+ 7. Bd2 Qc7 8.
cxd5 Nxd5 9. Nh4 Bg6 10. Nxg6 hxg6 11. Qb3 e6 12. e4 Nf6 13. Bd3 b5 14. Nc3
Nbd7 15. e5 Ng4 16. Bxg6 Qb6 17. Qxe6+ Kd8 18. Qxg4 fxg6 19. O-O Be7 20. Bg5
Re8 21. Rfe1 Kc8 22. Bxe7 Rxe7 23. d5 Kb7 24. d6 Rf7 25. Qg3 Raf8 26. Re2 Nxe5
27. Qxe5 Rxf2 28. Qe3 Qxe3 29. Rxe3 Rxb2 30. Re7+ Kb6 31. Ne4 Rd8 32. Rf7 Re2
33. Re7 b4 34. Rb1 a5 35. a3 c5 36. Nxc5 Ra2 37. axb4 axb4 38. Nb7 Rb8 39. d7
Ra7 40. Rxb4+ Kc6 41. d8=N+ 1-0

[Event "AUT2o-chT"]
[Site "Ybbs"]
[Date "2001.01.20"]
[Round "6.6"]
[White "Froschauer, Hans"]
[Black "Mayr, Thomas"]
[Result "1/2-1/2"]
[WhiteElo "2179"]
[BlackElo "2049"]
[Annotator "EICHGRABEN/P.-LACKENBACH"]
[PlyCount "51"]
[EventDate "2001.01.20"]

1. e4 e5 2. Nf3 Nc6 3. d4 exd4 4. Bc4 Nf6 5. O-O Nxe4 6. Re1 d5 7. Bxd5 Qxd5 8.
Nc3 Qa5 9. Nxe4 Be6 10. Neg5 O-O-O 11. Nxe6 fxe6 12. Rxe6 Qf5 13. Qe2 Bd6 14.
Bg5 Rdf8 15. Qe4 Qxe4 16. Rxe4 Re8 17. Rae1 Kd7 18. Kf1 Rxe4 19. Rxe4 Re8 20.
Rh4 h6 21. Bd2 Bc5 22. Rg4 Re7 23. Rg6 Bd6 24. h4 Ne5 25. Nxe5+ Bxe5 26. b3
1/2-1/2

[Event "AUT2o-chT"]
[Site "Ybbs"]
[Date "2001.01.20"]
[Round "6.1"]
[White "Alvir, Aco"]
[Black "Vlcek, Stanislav"]
[Result "1-0"]
[WhiteElo "2399"]
[BlackElo "2326"]
[Annotator "GRIMMENSTEIN-NICKELSDORF"]
[PlyCount "67"]
[EventDate "2001.01.20"]

1. e4 c5 2. Nf3 d6 3. d4 cxd4 4. Nxd4 Nf6 5. Nc3 a6 6. Bg5 e6 7. f4 Nbd7 8. Qf3
Qc7 9. O-O-O b5 10. Bd3 Bb7 11. Rhe1 Qb6 12. Qe3 h6 13. Bxf6 Nxf6 14. Kb1 O-O-O
15. f5 e5 16. Nb3 Qxe3 17. Rxe3 Kc7 18. Be2 Kb6 19. a4 Bc6 20. a5+ Kc7 21. g4
Be7 22. Nd5+ Nxd5 23. exd5 Bd7 24. c4 bxc4 25. Nd2 Ba4 26. b3 cxb3 27. Re4 Bd7
28. Rc1+ Kb7 29. Rb4+ Bb5 30. Bxb5 axb5 31. Rxb5+ Ka6 32. Rb6+ Kxa5 33. Nc4+
Ka4 34. Kb2 1-0

[Event "AUT2o-chT"]
[Site "Ybbs"]
[Date "2001.01.20"]
[Round "6.2"]
[White "Schneider-Zinner, Harald"]
[Black "Dueckstein, Andreas"]
[Result "1/2-1/2"]
[WhiteElo "2285"]
[BlackElo "2313"]
[Annotator "GRIMMENSTEIN-NICKELSDORF"]
[PlyCount "120"]
[EventDate "2001.01.20"]

1. Nf3 Nc6 2. d4 d5 3. c4 Bg4 4. Nc3 e6 5. Bf4 dxc4 6. e3 Bd6 7. Bg3 Nf6 8.
Bxc4 O-O 9. O-O Qe7 10. Be2 Bxg3 11. hxg3 Rfd8 12. Qb3 Rab8 13. Rac1 e5 14. d5
e4 15. dxc6 bxc6 16. Qc2 exf3 17. gxf3 Be6 18. b3 Rd6 19. Ne4 Bf5 20. Nxf6+
Rxf6 21. e4 Bd7 22. Rfd1 Rh6 23. Qd2 Be8 24. Bf1 Rd6 25. Qe3 Rbd8 26. Be2 Rxd1+
27. Rxd1 Ra8 28. a4 g6 29. Qc3 h5 30. Qd4 a5 31. e5 Rb8 32. Bc4 c5 33. Qd5 c6
34. Qd6 Rb7 35. Qxe7 Rxe7 36. Rd8 Rxe5 37. Ra8 Kg7 38. Rxa5 Bd7 39. Ra7 Be6 40.
Bxe6 Rxe6 41. Kf1 Rd6 42. Re7 Rd8 43. Re3 Rb8 44. Ke2 c4 45. bxc4 Rb2+ 46. Kd3
Ra2 47. Kd4 Rxa4 48. Kc5 g5 49. Rc3 Ra6 50. Kd6 Kf6 51. c5 h4 52. gxh4 gxh4 53.
Rc4 Kg5 54. Rg4+ Kh5 55. Rg8 Ra3 56. Kxc6 Rxf3 57. Kd7 Rxf2 58. c6 Rd2+ 59. Ke7
Rc2 60. Kd6 Rd2+ 1/2-1/2

[Event "AUT2o-chT"]
[Site "Ybbs"]
[Date "2001.01.20"]
[Round "6.3"]
[White "Stuhlik, Marko"]
[Black "Juraczka, Franz"]
[Result "1/2-1/2"]
[WhiteElo "2237"]
[BlackElo "2238"]
[Annotator "GRIMMENSTEIN-NICKELSDORF"]
[PlyCount "30"]
[EventDate "2001.01.20"]

1. c4 c5 2. Nc3 Nf6 3. g3 d5 4. cxd5 Nxd5 5. Bg2 Nc7 6. d3 e5 7. Nf3 Nc6 8. O-O
Be7 9. Nd2 Bd7 10. Nc4 f6 11. a4 Rb8 12. f4 O-O 13. Kh1 Kh8 14. f5 Nd4 15. g4
Bc6 1/2-1/2

[Event "AUT2o-chT"]
[Site "Ybbs"]
[Date "2001.01.20"]
[Round "6.4"]
[White "Bachofner, Andreas"]
[Black "Lovrinovic, Christian"]
[Result "1/2-1/2"]
[WhiteElo "2179"]
[BlackElo "2169"]
[Annotator "GRIMMENSTEIN-NICKELSDORF"]
[PlyCount "32"]
[EventDate "2001.01.20"]

1. Nf3 Nf6 2. b3 b6 3. Bb2 Bb7 4. c4 c5 5. e3 e6 6. Be2 Be7 7. O-O O-O 8. Nc3
d6 9. d4 Nbd7 10. Rc1 a6 11. a3 Qc7 12. Bd3 Rfe8 13. Qe2 Rad8 14. Rfd1 Nf8 15.
Bb1 Ng6 16. Ng5 Nh4 1/2-1/2

[Event "AUT2o-chT"]
[Site "Ybbs"]
[Date "2001.01.20"]
[Round "6.5"]
[White "Bilek, Thomas"]
[Black "Bachofner, Christian"]
[Result "1/2-1/2"]
[WhiteElo "2111"]
[BlackElo "2085"]
[Annotator "GRIMMENSTEIN-NICKELSDORF"]
[PlyCount "36"]
[EventDate "2001.01.20"]

1. e4 c5 2. Nf3 d6 3. Bb5+ Bd7 4. a4 Nc6 5. d4 cxd4 6. Nxd4 Nf6 7. Nc3 e6 8.
O-O Be7 9. Re1 O-O 10. Bf1 a6 11. b3 Qa5 12. Bb2 Rac8 13. Nxc6 Bxc6 14. Qd4 Qc5
15. Qxc5 dxc5 16. Rad1 Rfd8 17. f3 Rxd1 18. Rxd1 Rd8 1/2-1/2

[Event "AUT2o-chT"]
[Site "Ybbs"]
[Date "2001.01.20"]
[Round "6.6"]
[White "Steinert, Martin"]
[Black "Monschein, Wolfgang"]
[Result "0-1"]
[WhiteElo "2132"]
[BlackElo "2107"]
[Annotator "GRIMMENSTEIN-NICKELSDORF"]
[PlyCount "120"]
[EventDate "2001.01.20"]

1. d4 Nf6 2. c4 e6 3. Nf3 b6 4. a3 Bb7 5. Nc3 Be7 6. d5 d6 7. e4 e5 8. Bd3 O-O
9. O-O a5 10. Rb1 Nbd7 11. Bc2 g6 12. Ne1 Nh5 13. g3 Bg5 14. f4 Bh6 15. Ng2
exf4 16. gxf4 Qe7 17. Qf3 Rae8 18. Be3 Bg7 19. Bf2 Bc8 20. Rbe1 Ba6 21. Qe2 f5
22. Qd3 fxe4 23. Rxe4 Qf7 24. Rxe8 Rxe8 25. Be3 Nc5 26. Bxc5 bxc5 27. Ne4 Bd4+
28. Kh1 Rxe4 29. Qxe4 Bxc4 30. Ne3 Bxe3 31. Qxc4 Bxf4 32. Bd1 g5 33. Bg4 Kg7
34. Qc3+ Nf6 35. Be6 Qh5 36. h3 Qg6 37. Re1 Be5 38. Qxa5 Qd3 39. Rxe5 Qf3+ 40.
Kh2 Qf2+ 41. Kh1 Qf1+ 42. Kh2 Qf4+ 43. Kg2 Qxe5 44. Qxc7+ Kh6 45. Qf7 Qxb2+ 46.
Kf1 Qc1+ 47. Kg2 Qd2+ 48. Kf1 Qd1+ 49. Kg2 Qe2+ 50. Kg1 Qe3+ 51. Kg2 Qe4+ 52.
Kg1 Qg6 53. Qf8+ Qg7 54. Qxd6 Ne4 55. Qa6 Qd4+ 56. Kh1 Qd1+ 57. Kg2 Qd2+ 58.
Kf3 Qf4+ 59. Ke2 Qf2+ 60. Kd3 Qf1+ 0-1

[Event "AUT2o-chT"]
[Site "Ybbs"]
[Date "2001.01.20"]
[Round "6.1"]
[White "Kummer, Helmut"]
[Black "Balinov, Ilia"]
[Result "1-0"]
[WhiteElo "2390"]
[BlackElo "2453"]
[Annotator "DONAUSTADT-BADEN"]
[PlyCount "199"]
[EventDate "2001.01.20"]

1. d4 f5 2. Nf3 Nf6 3. c4 g6 4. g3 Bg7 5. Bg2 O-O 6. O-O d6 7. Nc3 Qe8 8. d5
Na6 9. Rb1 Bd7 10. b3 h6 11. Bb2 g5 12. Ne1 Qg6 13. Nd3 c6 14. Qd2 Nc7 15. Rbe1
cxd5 16. cxd5 Nb5 17. Nxb5 Bxb5 18. Qb4 Ba6 19. Rc1 Rac8 20. Rfe1 Nd7 21. Bd4
Bxd4 22. Qxd4 Qf6 23. Qxf6 Nxf6 24. Nb4 Bb5 25. Nc2 Bd7 26. Nd4 Kf7 27. Ne6
Bxe6 28. dxe6+ Kxe6 29. Bxb7 Rc5 30. Rxc5 dxc5 31. Rd1 Nd7 32. f4 Nb6 33. Ba6
Kf6 34. Kf2 Ke6 35. Rd3 Rb8 36. Ke1 Rg8 37. e3 g4 38. Ke2 Rh8 39. e4 fxe4 40.
Re3 Nd5 41. Rxe4+ Kd6 42. Kd2 h5 43. Be2 h4 44. Bxg4 Nf6 45. Re6+ Kd5 46. Re5+
Kd4 47. Bf3 hxg3 48. hxg3 Rh3 49. Re3 Rh2+ 50. Re2 Rh3 51. Rxe7 Rxg3 52. Re3 c4
53. bxc4 Kxc4 54. Ra3 Kb4 55. Rb3+ Kc5 56. Ke3 Rh3 57. f5 Rh4 58. Ra3 Kb6 59.
Rc3 Kb5 60. a3 a5 61. Bc6+ Kb6 62. Bg2 Kb5 63. Bf3 Ng8 64. Rc8 Ne7 65. Rb8+ Kc5
66. Be4 Rh3+ 67. Kf4 Nxf5 68. Kxf5 Rxa3 69. Ke5 Rc3 70. Ra8 Kb4 71. Bd5 a4 72.
Kd4 Rc1 73. Rb8+ Ka3 74. Bc4 Rd1+ 75. Bd3 Rc1 76. Rh8 Kb4 77. Ra8 Rh1 78. Rb8+
Ka3 79. Kc3 Rc1+ 80. Bc2 Rh1 81. Rb7 Rh3+ 82. Bd3 Rh1 83. Rg7 Rc1+ 84. Bc2 Rh1
85. Rg4 Rh3+ 86. Kd2 Ka2 87. Rxa4+ Ra3 88. Rb4 Ra7 89. Bd3 Ka3 90. Kc3 Ka2 91.
Rb2+ Ka3 92. Rb1 Ka2 93. Rg1 Ra3+ 94. Kc2 Ra4 95. Kc3 Ra3+ 96. Kc2 Ra4 97. Rb1
Rh4 98. Kc3 Rh3 99. Rb7 Rxd3+ 100. Kxd3 1-0

[Event "AUT2o-chT"]
[Site "Ybbs"]
[Date "2001.01.20"]
[Round "6.2"]
[White "Miniboeck, Guenter"]
[Black "Pingitzer, Harald"]
[Result "1-0"]
[WhiteElo "2413"]
[BlackElo "2278"]
[Annotator "DONAUSTADT-BADEN"]
[PlyCount "53"]
[EventDate "2001.01.20"]

1. d4 d5 2. c4 e6 3. Nc3 c6 4. Nf3 dxc4 5. a4 Bb4 6. e3 b5 7. Bd2 Qb6 8. Ne5
Nf6 9. axb5 cxb5 10. b3 Nd5 11. Qf3 Qb7 12. Nxb5 Bxd2+ 13. Kxd2 Qxb5 14. Qxf7+
Kd8 15. Bxc4 Qb4+ 16. Ke2 Nc3+ 17. Kd3 Rf8 18. Qxg7 Rxf2 19. Raf1 Rf5 20. Rxf5
exf5 21. Nf7+ Kd7 22. Nd6+ Kc6 23. Nxc8 Nd7 24. Ne7+ Kd6 25. Nxf5+ Kc7 26. Qg3+
Kb7 27. Qd6 1-0

[Event "AUT2o-chT"]
[Site "Ybbs"]
[Date "2001.01.20"]
[Round "6.3"]
[White "Holzer, Gerhard"]
[Black "Brandner, Stefan"]
[Result "1-0"]
[WhiteElo "2287"]
[BlackElo "2344"]
[Annotator "DONAUSTADT-BADEN"]
[PlyCount "81"]
[EventDate "2001.01.20"]

1. e4 g6 2. d4 Bg7 3. Nc3 d6 4. Bc4 Nd7 5. Nf3 e6 6. O-O a6 7. a4 Ne7 8. Be3 b6
9. Ng5 h6 10. Nh3 O-O 11. Qd2 Kh7 12. f4 Nf6 13. Be2 Bb7 14. Nf2 d5 15. e5 Ne4
16. Nfxe4 dxe4 17. g4 f5 18. exf6 Bxf6 19. Rad1 Bg7 20. Bc4 Qd7 21. Qg2 Nd5 22.
Nxd5 exd5 23. Bb3 Rad8 24. Rf2 c5 25. c3 c4 26. Bc2 Bc6 27. Ra1 b5 28. axb5
axb5 29. Qh3 Ra8 30. Raf1 Ra2 31. Bb1 Ra1 32. f5 gxf5 33. gxf5 Rg8 34. Rg2 Qf7
35. f6 Bd7 36. Qh4 Rxb1 37. Rxb1 Bf8 38. Rxg8 Qxg8+ 39. Kf2 Qe6 40. Rg1 b4 41.
Bxh6 1-0

[Event "AUT2o-chT"]
[Site "Ybbs"]
[Date "2001.01.20"]
[Round "6.4"]
[White "Sulyok, Michael"]
[Black "Schwab, Rene"]
[Result "1-0"]
[WhiteElo "2272"]
[BlackElo "2277"]
[Annotator "DONAUSTADT-BADEN"]
[PlyCount "99"]
[EventDate "2001.01.20"]

1. c4 c6 2. g3 d5 3. Bg2 Na6 4. cxd5 cxd5 5. Nf3 g6 6. O-O Bg7 7. d4 Nc7 8. Nc3
b6 9. Bf4 Ne6 10. Nxd5 Bb7 11. Qa4+ Kf8 12. Nc3 Nxd4 13. Nxd4 Bxg2 14. Rfd1 Bh3
15. Ne6+ Bxe6 16. Rxd8+ Rxd8 17. Qxa7 Bxc3 18. bxc3 b5 19. Qb6 Ra8 20. Qxb5
Rxa2 21. Rxa2 Bxa2 22. c4 f6 23. Qa4 Bb1 24. c5 g5 25. Bxg5 fxg5 26. Qa1 Nf6
27. Qxb1 Kg7 28. c6 Rf8 29. c7 Nd5 30. Qb7 Nxc7 31. Qxc7 Rf7 32. Qe5+ Kg6 33.
Kg2 h6 34. f4 gxf4 35. gxf4 Rg7 36. Kf3 Kf7 37. Qh5+ Kg8 38. Qxh6 Rg1 39. Qg5+
Rxg5 40. fxg5 Kg7 41. Kg4 Kg6 42. h4 Kg7 43. Kf5 Kf7 44. g6+ Kg7 45. Kg5 e5 46.
h5 e4 47. h6+ Kh8 48. Kf6 e3 49. g7+ Kg8 50. h7+ 1-0

[Event "AUT2o-chT"]
[Site "Ybbs"]
[Date "2001.01.20"]
[Round "6.5"]
[White "Schuh, Franz"]
[Black "Hardt, Christian"]
[Result "1/2-1/2"]
[WhiteElo "2256"]
[BlackElo "2205"]
[Annotator "DONAUSTADT-BADEN"]
[PlyCount "76"]
[EventDate "2001.01.20"]

1. e4 c5 2. Nf3 Nc6 3. d4 cxd4 4. Nxd4 Nf6 5. Nc3 e5 6. Ndb5 d6 7. Bg5 a6 8.
Na3 Be6 9. Nc4 Rc8 10. Ne3 Be7 11. Bxf6 Bxf6 12. Ncd5 Bg5 13. g3 O-O 14. Bg2 g6
15. O-O f5 16. f4 Bf6 17. exf5 gxf5 18. c3 Ne7 19. Qh5 e4 20. Nxe7+ Bxe7 21.
Bh3 Qb6 22. Rae1 Rc5 23. Kh1 Qxb2 24. Rb1 Qxc3 25. Rxb7 Qf6 26. Qe2 d5 27. Bxf5
Bxf5 28. Nxf5 Qxf5 29. Rxe7 Rfc8 30. Qb2 Rc3 31. g4 Qf6 32. Re5 Qc6 33. Rg5+
Kf7 34. Rf5+ Ke8 35. Re5+ Kd7 36. Qb4 Re8 37. Rxe8 Kxe8 38. Qd4 Qc4 1/2-1/2

[Event "AUT2o-chT"]
[Site "Ybbs"]
[Date "2001.01.20"]
[Round "6.6"]
[White "Eibersberger, Manfred"]
[Black "Karlusch, Albrecht"]
[Result "0-1"]
[WhiteElo "2158"]
[BlackElo "2154"]
[Annotator "DONAUSTADT-BADEN"]
[PlyCount "74"]
[EventDate "2001.01.20"]

1. g3 Nf6 2. Bg2 c5 3. Nf3 e6 4. O-O Be7 5. c4 O-O 6. b3 Nc6 7. Bb2 d5 8. d3 d4
9. a3 e5 10. Nbd2 h6 11. b4 cxb4 12. axb4 Bxb4 13. Ba3 Bxa3 14. Rxa3 Qc7 15.
Qa1 Re8 16. c5 Be6 17. Rb1 Re7 18. Nb3 Rb8 19. Na5 Nd5 20. Ne1 Nxa5 21. Rxa5
Nc3 22. Rb2 b6 23. cxb6 axb6 24. Ra8 b5 25. Kf1 Ree8 26. Rxb8 Rxb8 27. Qa3 Nd5
28. Rc2 Qb6 29. Qc5 Qxc5 30. Rxc5 Nc3 31. e3 b4 32. exd4 exd4 33. Nf3 b3 34.
Nd2 b2 35. Bc6 b1=Q+ 36. Nxb1 Rxb1+ 37. Kg2 Rd1 0-1

[Event "AUT2o-chT"]
[Site "Ybbs"]
[Date "2001.01.20"]
[Round "6.1"]
[White "Jansa, Vlastimil"]
[Black "Tibensky, Robert"]
[Result "1/2-1/2"]
[WhiteElo "2455"]
[BlackElo "2414"]
[Annotator "AUSTRIA-DONAU"]
[PlyCount "82"]
[EventDate "2001.01.20"]

1. e4 e6 2. d4 d5 3. Nd2 a6 4. Ngf3 c5 5. exd5 exd5 6. Be2 Nf6 7. O-O Be7 8.
dxc5 Bxc5 9. Nb3 Bb6 10. Bg5 O-O 11. c4 dxc4 12. Bxc4 Nc6 13. Qc2 Bg4 14. Rad1
Qc8 15. Bxf6 Bxf3 16. gxf3 gxf6 17. Qe4 Ne5 18. Bd5 Qh3 19. Kh1 Ng6 20. Qg4
Qxg4 21. fxg4 Rab8 22. Nd2 Nf4 23. Ne4 Kg7 24. Nd6 Rfd8 25. Bb3 Ne6 26. Nxf7
Kxf7 27. Rde1 Rd6 28. f4 h5 29. f5 hxg4 30. Bxe6+ Kg7 31. Re4 Rd4 32. Rxd4 Bxd4
33. b3 Be5 34. Rg1 g3 35. hxg3 Rd8 36. Rg2 Kh6 37. Rc2 a5 38. Rc8 Rxc8 39. Bxc8
b6 40. Kg2 Kg5 41. Kf3 Bd4 1/2-1/2

[Event "AUT2o-chT"]
[Site "Ybbs"]
[Date "2001.01.20"]
[Round "6.2"]
[White "Wallner, Joachim"]
[Black "Rogetzer, Klaus"]
[Result "1-0"]
[WhiteElo "2272"]
[BlackElo "2213"]
[Annotator "AUSTRIA-DONAU"]
[PlyCount "43"]
[EventDate "2001.01.20"]

1. e4 g6 2. d4 Bg7 3. Nc3 d5 4. e5 f6 5. Nf3 Bg4 6. Bf4 fxe5 7. dxe5 e6 8. Be2
Nc6 9. Ng5 Bxe2 10. Qxe2 Nd4 11. Qd3 c5 12. Nxh7 Kd7 13. Qxg6 Nf5 14. Nxd5 Nge7
15. Nxe7 Qxe7 16. Bg5 Qe8 17. Nf6+ Bxf6 18. Qxe8+ Raxe8 19. Bxf6 Rhg8 20. g3
Kc6 21. h4 Rg4 22. O-O-O 1-0

[Event "AUT2o-chT"]
[Site "Ybbs"]
[Date "2001.01.20"]
[Round "6.3"]
[White "Steiner, Johann"]
[Black "Steiner, Bruno"]
[Result "0-1"]
[WhiteElo "2112"]
[BlackElo "2236"]
[Annotator "AUSTRIA-DONAU"]
[PlyCount "84"]
[EventDate "2001.01.20"]

1. e4 c5 2. c4 Nc6 3. Nc3 g6 4. Nf3 Bg7 5. Be2 d6 6. h3 Rb8 7. O-O Nh6 8. d3 e5
9. Bg5 f6 10. Be3 O-O 11. Nh2 Nd4 12. Qd2 Nf7 13. Ng4 f5 14. Nh6+ Nxh6 15. Bxh6
f4 16. Bxg7 Kxg7 17. Bg4 Bxg4 18. hxg4 f3 19. g3 Rf4 20. Kh2 Rxg4 21. Rh1 Rh4+
22. Kg1 Rxh1+ 23. Kxh1 Qf6 24. Kh2 Rf8 25. Rh1 Ne2 26. Qe3 Nxc3 27. bxc3 g5 28.
g4 Qg6 29. Kg1 Rf4 30. Kf1 Qe6 31. Rg1 Qh6 32. Ke1 Qh3 33. d4 Rxg4 34. Rxg4
Qxg4 35. dxe5 dxe5 36. Qxc5 Qxe4+ 37. Kd2 Qe2+ 38. Kc1 Kg6 39. Qe7 Qe1+ 40. Kc2
Qxf2+ 41. Kb3 Qb6+ 42. Kc2 Qf6 0-1

[Event "AUT2o-chT"]
[Site "Ybbs"]
[Date "2001.01.20"]
[Round "6.5"]
[White "Spoerk, Rainer"]
[Black "Zetthofer, Gerald"]
[Result "0-1"]
[WhiteElo "2050"]
[BlackElo "2242"]
[Annotator "AUSTRIA-DONAU"]
[PlyCount "188"]
[EventDate "2001.01.20"]

1. e4 e6 2. d3 d5 3. Nd2 c5 4. Ngf3 Nc6 5. g3 Nf6 6. Bg2 Be7 7. O-O O-O 8. Re1
b5 9. e5 Nd7 10. Nf1 a5 11. h4 Ba6 12. a4 Qc7 13. axb5 Bxb5 14. Bf4 Rfc8 15.
Ne3 Nb6 16. h5 Nd4 17. Ng4 Nxf3+ 18. Qxf3 Qd8 19. Bd2 Nd7 20. c4 Bc6 21. Qf4
Nf8 22. Nh6+ gxh6 23. Qg4+ Ng6 24. Bxh6 dxc4 25. hxg6 hxg6 26. Bxc6 Rxc6 27.
dxc4 Rb6 28. Rad1 Qc7 29. Qf3 Rab8 30. Bc1 a4 31. Qe4 Rd8 32. Kg2 Rb4 33. Rh1
Rxd1 34. Rxd1 Qb7 35. Qxb7 Rxb7 36. Rd3 Rb4 37. Rc3 f5 38. exf6 Bxf6 39. Rc2
Bd4 40. Kf3 Kf7 41. Ke4 Rb3 42. Re2 g5 43. g4 Kg6 44. f3 Rb4 45. Rc2 Rb7 46.
Re2 Bf6 47. Rd2 Rh7 48. Re2 Rh1 49. Be3 Rb1 50. Bxc5 Rxb2 51. Re1 Rb3 52. Bd4
Bxd4 53. Kxd4 Kf6 54. Rf1 e5+ 55. Ke4 a3 56. Ra1 Ke6 57. Ra2 Rc3 58. c5 Rc4+
59. Kd3 Ra4 60. Kc3 Kd5 61. Kb3 Ra7 62. Rd2+ Kxc5 63. Ka2 Kc4 64. Re2 Kd4 65.
Re4+ Kd5 66. Re3 Ra4 67. Rd3+ Ke6 68. Re3 Ra5 69. Rd3 Ra8 70. Re3 Kd5 71. Rd3+
Kc4 72. Re3 Ra5 73. Re4+ Kd5 74. Re3 Ra4 75. Rd3+ Rd4 76. Rxa3 Rd2+ 77. Kb1 Kd4
78. Kc1 Rd3 79. Ra4+ Ke3 80. Kc2 Rd2+ 81. Kc3 Rd8 82. Re4+ Kxf3 83. Rxe5 Kxg4
84. Re7 Kg3 85. Rb7 g4 86. Rb6 Kf3 87. Rf6+ Kg2 88. Rg6 g3 89. Rg7 Kf2 90. Rf7+
Kg1 91. Rg7 g2 92. Ra7 Rh8 93. Ra1+ Kh2 94. Ra2 Kh1 0-1

[Event "AUT2o-chT"]
[Site "Ybbs"]
[Date "2001.01.20"]
[Round "6.6"]
[White "Knoflicek, Ctibor"]
[Black "Wais, Michael"]
[Result "1-0"]
[WhiteElo "2156"]
[BlackElo "2042"]
[Annotator "AUSTRIA-DONAU"]
[PlyCount "64"]
[EventDate "2001.01.20"]

1. e4 c6 2. d4 d5 3. Nc3 dxe4 4. Nxe4 Nd7 5. Bc4 Ngf6 6. Ng5 e6 7. Qe2 Nb6 8.
Bd3 h6 9. N5f3 c5 10. dxc5 Bxc5 11. Ne5 O-O 12. Ngf3 Bd7 13. Bd2 Nbd5 14. a3 a5
15. O-O-O Qe7 16. Nxd7 Nxd7 17. c4 N5f6 18. Bc3 Rfc8 19. Kb1 b5 20. Bxf6 Nxf6
21. cxb5 Rab8 22. a4 Nd5 23. Bc2 Qf6 24. Ne5 Ba3 25. Rxd5 exd5 26. bxa3 Re8 27.
Re1 Re6 28. g3 Rbe8 29. f4 g6 30. Qd3 Qd8 31. Rd1 Qd6 32. Ka2 Rd8 1-0

[Event "AUT2o-chT"]
[Site "Ybbs"]
[Date "2001.01.20"]
[Round "6.1"]
[White "Wirius, Stefan"]
[Black "Rotstein, Arkadij"]
[Result "1/2-1/2"]
[WhiteElo "2327"]
[BlackElo "2492"]
[Annotator "ALJECHIN-TSCHATURANGA"]
[PlyCount "58"]
[EventDate "2001.01.20"]

1. d4 Nf6 2. Nf3 c5 3. e3 g6 4. Be2 Bg7 5. O-O O-O 6. c4 d5 7. Nc3 dxc4 8. d5
b5 9. Nxb5 Nxd5 10. Bxc4 Nb6 11. Be2 Na6 12. Nd2 Bb7 13. Nc4 Nxc4 14. Bxc4 Qxd1
15. Rxd1 Rfd8 16. Bd2 Bxb2 17. Ba5 Rxd1+ 18. Rxd1 Nb4 19. Rd7 Nc6 20. Bc3 Bxc3
21. Nxc3 Rb8 22. Bd5 Na5 23. g3 Kf8 24. Bxb7 Nxb7 25. Rc7 Ke8 26. Nd5 Na5 27.
Rxe7+ Kf8 28. Rxa7 Rb2 29. Nf6 29... Kg7 {Rest unleserlich} 1/2-1/2

[Event "AUT2o-chT"]
[Site "Ybbs"]
[Date "2001.01.20"]
[Round "6.2"]
[White "Lau, Ralf"]
[Black "Maly, Martin"]
[Result "1-0"]
[WhiteElo "2498"]
[BlackElo "2169"]
[Annotator "ALJECHIN-TSCHATURANGA"]
[PlyCount "58"]
[EventDate "2001.01.20"]

1. d4 f5 2. Nf3 Nf6 3. Bg5 Ne4 4. h4 c6 5. c3 Qb6 6. Qc2 d6 7. Nbd2 Nd7 8. Nxe4
fxe4 9. Nd2 e5 10. O-O-O d5 11. f3 exd4 12. cxd4 Qxd4 13. Nxe4 Qe5 14. Nf2 Be7
15. Kb1 Nf6 16. g4 Be6 17. Nd3 Qc7 18. Bf4 Qa5 19. Bd2 Qc7 20. Bh3 Bd6 21. g5
Bxh3 22. gxf6 Be6 23. Nc5 Bf7 24. fxg7 Rg8 25. Rdg1 b6 26. Nb3 Be5 27. Qxh7
O-O-O 28. f4 Bd6 29. h5 c5 1-0

[Event "AUT2o-chT"]
[Site "Ybbs"]
[Date "2001.01.20"]
[Round "6.3"]
[White "Wirius, Johannes"]
[Black "Wukits, Rene"]
[Result "0-1"]
[WhiteElo "2239"]
[BlackElo "2347"]
[Annotator "ALJECHIN-TSCHATURANGA"]
[PlyCount "104"]
[EventDate "2001.01.20"]

1. d4 Nf6 2. c4 e6 3. Nf3 d5 4. Nc3 Be7 5. g3 O-O 6. Bg2 dxc4 7. Qa4 a6 8. Qxc4
b5 9. Qb3 Bb7 10. O-O Nbd7 11. Rd1 c5 12. Bf4 Qb6 13. e3 Rac8 14. Rd2 Rfd8 15.
Rad1 c4 16. Qc2 b4 17. Na4 Qb5 18. Nc5 Nxc5 19. dxc5 Rxd2 20. Qxd2 Qxc5 21. Bd6
Bxd6 22. Qxd6 Qxd6 23. Rxd6 c3 24. bxc3 bxc3 25. Nd4 Bxg2 26. Kxg2 Ne8 27. Rxa6
c2 28. Nxc2 Rxc2 29. a4 Kf8 30. Ra8 Ke7 31. a5 Nc7 32. Rc8 Rc5 33. g4 Na6 34.
Ra8 Rxa5 35. h4 h6 36. f4 Ra2+ 37. Kf3 Nb4 38. Rb8 Nc6 39. Rg8 Kf6 40. Rc8 Rc2
41. Ke4 Nb4 42. Rb8 Rc4+ 43. Kf3 Kg6 44. Rb7 Nd5 45. Rd7 Rc3 46. f5+ Kf6 47.
g5+ hxg5 48. hxg5+ Kxf5 49. Rxf7+ Kg6 50. Rd7 Rxe3+ 51. Kg4 Re5 52. Kh4 Ne3 0-1

[Event "AUT2o-chT"]
[Site "Ybbs"]
[Date "2001.01.20"]
[Round "6.4"]
[White "Wallner, Alfred"]
[Black "Kuthan, Andreas"]
[Result "0-1"]
[WhiteElo "2226"]
[BlackElo "2192"]
[Annotator "ALJECHIN-TSCHATURANGA"]
[PlyCount "40"]
[EventDate "2001.01.20"]

1. e4 e6 2. d4 d5 3. Nd2 a6 4. Ngf3 c5 5. dxc5 Bxc5 6. Bd3 Ne7 7. O-O Nbc6 8.
a3 O-O 9. b4 Ba7 10. Bb2 Ng6 11. g3 dxe4 12. Nxe4 e5 13. Nfg5 h6 14. Qh5 Qd7
15. Nf3 Qg4 16. Qxg4 Bxg4 17. Kg2 Rad8 18. Rad1 f5 19. Bc4+ Kh7 20. Rxd8 Bxf3+
0-1